Marine diesel engines (Record no. 12054)

000 -LEADER
fixed length control field 00529nam a2200205 4500
001 - CONTROL NUMBER
control field 12054
003 - CONTROL NUMBER IDENTIFIER
control field BD-DhUET
008 - FIXED-LENGTH DATA ELEMENTS--GENERAL INFORMATION
fixed length control field 740812s1972 enka 001 0 eng
020 ## - INTERNATIONAL STANDARD BOOK NUMBER
International Standard Book Number 0408000775
040 ## - CATALOGING SOURCE
Original cataloging agency DLC
Transcribing agency DLC
Modifying agency BD-DhUET
082 00 - DEWEY DECIMAL CLASSIFICATION NUMBER
Classification number 626.87236
Item number POU/1972
100 ## - MAIN ENTRY--PERSONAL NAME
Personal name Pounder, C. C.
245 10 - TITLE STATEMENT
Title Marine diesel engines
250 ## - EDITION STATEMENT
Edition statement 5th ed.
260 ## - PUBLICATION, DISTRIBUTION, ETC. (IMPRINT)
Place of publication, distribution, etc. London
Name of publisher, distributor, etc. Newnes-Butterworths
Date of publication, distribution, etc. 1972
300 ## - PHYSICAL DESCRIPTION
Extent 12, 737 p.
Other physical details illus.
Dimensions 23 cm.
490 0# - SERIES STATEMENT
Series statement Marine engineering series
650 #0 - SUBJECT ADDED ENTRY--TOPICAL TERM
Topical term or geographic name as entry element Marine diesel motors
942 ## - ADDED ENTRY ELEMENTS (KOHA)
Koha item type General Book
Holdings
Location (home branch) Source of classification or shelving scheme Damaged status Koha full call number Price effective from Lost status Copy number Sublocation or collection (holding branch) Koha item type Shelving location Koha date last seen Not for loan Date acquired Koha normalized classification for sorting Withdrawn status Piece designation (barcode)
Central Library, BUET  626.87236/POU/19722015-02-23 1Central Library, BUETGeneral BookCirculation section2015-02-23 2015-02-23626_872360000000000_POU_1972 52342
Central Library, BUET  626.87236/POU/19722015-02-23 2Central Library, BUETGeneral BookCirculation section2015-02-23 2015-02-23626_872360000000000_POU_1972 52125
Central Library, BUET  626.87236/POU/19722015-03-09 3Central Library, BUETGeneral BookCirculation section2015-03-09 2015-03-09626_872360000000000_POU_1972 53242
Central Library, BUET  626.87236/POU/19722015-05-06 4Central Library, BUETGeneral BookCirculation section2015-05-06 2015-05-06626_872360000000000_POU_1972 34390
Central Library, BUET  626.87236/POU/19722015-06-22 5Central Library, BUETReading ItemReading section2015-06-22 2015-06-22626_872360000000000_POU_1972 34388
Central Library, BUET  626.87236/POU/19722015-06-23 6Central Library, BUETReading ItemReading section2015-06-23 2015-06-23626_872360000000000_POU_1972 36819
Central Library, BUET  626.87236/POU/19722015-06-23 7Central Library, BUETReading ItemReading section2015-06-23 2015-06-23626_872360000000000_POU_1972 53243